CHANGE AND CONTINUITY IN SPATIAL PLANNING / (Record no. 589351)

000 -LEADER
fixed length control field 00349nam a22001337a 4500
020 ## - INTERNATIONAL STANDARD BOOK NUMBER
Qualifying information PB.
040 ## - CATALOGING SOURCE
Transcribing agency FIZZA ISHAQ
082 ## - DEWEY DECIMAL CLASSIFICATION NUMBER
Classification number 302.1216
Author Mark VAN
100 ## - MAIN ENTRY--PERSONAL NAME
Personal name WATSON, VANESSA.
9 (RLIN) 37643
245 ## - TITLE STATEMENT
Title CHANGE AND CONTINUITY IN SPATIAL PLANNING /
Statement of responsibility, etc. VANESSA WATSON.
260 ## - PUBLICATION, DISTRIBUTION, ETC.
Place of publication, distribution, etc. NEW YORK ;
Name of publisher, distributor, etc. ROUTLEDGE,
Date of publication, distribution, etc. 2002.
300 ## - PHYSICAL DESCRIPTION
Extent 177 P. ;
942 ## - ADDED ENTRY ELEMENTS (KOHA)
Source of classification or shelving scheme
Koha item type Book
Holdings
Withdrawn status Lost status Source of classification or shelving scheme Damaged status Not for loan Permanent Location Current Location Date acquired Total Checkouts Full call number Barcode Date last seen Date last checked out Price effective from Koha item type
          NUST Baluchistan Campus (NBC) NUST Baluchistan Campus (NBC) 04/25/2022 1 302.1216 VAN Q-3071 08/17/2023 08/17/2023 04/25/2022 Book
© 2023 Central Library, National University of Sciences and Technology. All Rights Reserved.